Tannan's banking law and practice in India / (Record no. 67410)

MARC details
000 -LEADER
fixed length control field 00587nam a22001697a 4500
005 - DATE AND TIME OF LATEST TRANSACTION
control field 20120601142430.0
020 ## - INTERNATIONAL STANDARD BOOK NUMBER
International Standard Book Number 8187141158
Terms of availability 600.00
035 ## - SYSTEM CONTROL NUMBER
System control number A-996202
037 ## - SOURCE OF ACQUISITION
Stock number DPL
Source of stock number/acquisition ENG
100 ## - MAIN ENTRY--PERSONAL NAME
Personal name Tannan, M.L.
245 ## - TITLE STATEMENT
Title Tannan's banking law and practice in India /
Statement of responsibility, etc by M.L. Tannan
250 ## - EDITION STATEMENT
Edition statement rev. rprn.
260 ## - PUBLICATION, DISTRIBUTION, ETC. (IMPRINT)
Place of publication, distribution, etc New Delhi
Name of publisher, distributor, etc India Law House
Date of publication, distribution, etc 2000
300 ## - PHYSICAL DESCRIPTION
Extent various pages
Dimensions 20 cms.
942 ## - ADDED ENTRY ELEMENTS (KOHA)
Source of classification or shelving scheme Dewey Decimal Classification
Item type English Books
Classification part 349.052
Call number suffix TAN
Holdings
Withdrawn status Lost status Not for loan Collection code Home library Current library Date acquired Cost, normal purchase price Full call number Barcode Cost, replacement price Koha item type
      Non-fiction Sarojini Nagar Sarojini Nagar 01/06/2012 600.00 349.052 TAN A-996202 600.00 English Books

© Delhi Public Library
Hit Counter
free hit counter